Geografia Wyżyny, Niziny, Góry - Statystyki

Ogólne statystyki
  • Ten quiz został rozwiązany 446 razy
  • Średni wynik to 8 z 36
Statystyki odpowiedzi
Hint Odpowiedź % Poprawnych
Europa Góry Alpy
87%
Europa Góry Karpaty
84%
Europa Góry Pireneje
66%
Europa Góry Sudety
63%
Europa Góry Ural
57%
Ameryka Płd. Góry Andy
51%
Afryka Góry Atlas
47%
Europa Góry Apeniny
44%
Europa Góry Góry Skandynawskie
27%
Afryka Góry Góry Smocze
26%
Australia Góry Wielkie Góry Wododziałowe
25%
Afryka Wyżyny Abisyńska
21%
Ameryka Płd. Wyżyna Brazylijska
19%
Europa Góry Góry Dynarskie
15%
Ameryka Płd. Wyżyna Gujańska
15%
Ameryka Płd. Nizina Nizina Amazonki
14%
Ameryka Płd. Nizina Nizina La Platy
12%
Ameryka Płd. Wyżyna Patagońska
12%
Europa Góry Wogezy
12%
Afryka Wyżyny Wschodnioafrykańska
12%
Europa Góry Góry Betyckie
10%
Europa Góry Jura
10%
Afryka Wyżyny Somalijska
10%
Europa Góry Masyw Centralny
9%
Ameryka Płd. Nizina Nizina Orinoko
9%
Afryka Wyżyny Tibesti
6%
Europa Góry Góry Kantabryjskie
5%
Australia Niziny Nullarbor
5%
Afryka Niziny Senegalu
5%
Australia Niziny Wielki Basen Artezyjski
4%
Afryka Wyżyny Darfur
3%
Australia Góry Góry Śnieżne
1%
Australia Wyżyny Musgrave
1%
Europa Góry Sierra Morena
1%
Afryka Wyżyny Adamowa
0%
Australia Wyżyny MacDonell
0%
Nie znaleziono quizów pasujących do podanych kryteriów
Rozkład punktacji
Procent ludzi z każdym wynikiem
Percentyl według liczby udzielonych odpowiedzi
Twoja historia wyników
Nie rozwiązałeś tego quizu